00000000nam 2200000za 4500
0019.675868
003CaOODSP
00520250509155238
007cr |||||||||||
008150407|2011||||xxc|||||o    f|0| 0 por d
020 |a978-0-662-03732-3
040 |aCaOODSP|bfre
043 |an-cn---
0861 |aT29-45/1-2011Por-PDF
1101 |aCanada. |bTransports Canada.
24510|aPrincipaux ports de marchandises diverses de la Porte canadienne de l'Atlantique |h[ressource électronique]
2461 |aPrincipas portos de carga geral da porta de entrada Canadense do Altlântico
250 |a[Édition portugais].
260 |aOttawa - Ontario : |bTransports Canada |cc2011.
300 |a4p.
546 |aTexte en portugais.
590 |a13-20-Supp|b2013-08-30
791 |tKey breakbulk ports of Canada's Atlantic Gateway |eeng|w(CaOODSP)9.675867
85640|ahttp://publications.gc.ca|qPDF|s651 Ko|uhttps://publications.gc.ca/collections/collection_2013/tc/T29-45-1-2011-por.pdf
986 |aTP 1565T